[Event "Challenge"]
[Site "http://www.queenalice.com/game.php?id=733090"]
[Date "2010.2.17"]
[Round "-"]
[White "narutoninja"]
[Black "BobySponja"]
[Result "0-1"]
[WhiteElo "1489"]
[BlackElo "1712"]

1. e4 e5 2. Nf3 Nf6 3. Nc3 d6 4. Bc4 Be7 5. O-O Be6 6. Bxe6 fxe6 7. Ng5 Qd7 8.
d4 exd4 9. Qxd4 Nc6 10. Qd3 O-O-O 11. Nf7 Ne5 12. Qg3 Nxf7 13. Rd1 Ne5 14. Qxg7
Rdg8 15. Qh6 Rg6 16. Qf4 Rhg8 17. g3 h5 18. Qh4 Nf3+ 0-1

[Event "Challenge"]
[Site "http://www.queenalice.com/game.php?id=735254"]
[Date "2010.2.21"]
[Round "-"]
[White "SallesAndre"]
[Black "BobySponja"]
[Result "1-0"]
[WhiteElo "1665"]
[BlackElo "1574"]

1. e4 e5 2. Bc4 Nc6 3. Nf3 Nf6 4. Ng5 d5 5. exd5 Na5 6. Bb5+ Bd7 7. Bxd7+ Qxd7
8. Nc3 Nxd5 9. Qf3 c6 10. d3 b5 11. Bd2 h6 12. Nxd5 cxd5 13. Qxf7+ 1-0

[Event "Challenge"]
[Site "http://www.queenalice.com/game.php?id=735255"]
[Date "2010.2.21"]
[Round "-"]
[White "BobySponja"]
[Black "SallesAndre"]
[Result "0-1"]
[WhiteElo "1574"]
[BlackElo "1693"]

1. e4 e5 2. Nf3 Nc6 3. Bb5 d6 4. Nc3 Bd7 5. d3 h6 6. a3 Nf6 7. Nd5 a6 8. Nxf6+
Qxf6 9. Bc4 Bg4 10. Be3 Be7 11. h3 Bxf3 12. gxf3 O-O 0-1

[Event "AUTO-OPEN-1899"]
[Site "http://www.queenalice.com/game.php?id=740885"]
[Date "2010.3.4"]
[Round "1"]
[White "BobySponja"]
[Black "mauricio_sm"]
[Result "0-1"]
[WhiteElo "1656"]
[BlackElo "2012"]

1. e4 c5 2. Nf3 d6 3. d3 Nc6 4. Nc3 e5 5. Be2 Nf6 6. Bg5 Be7 7. Bxf6 Bxf6 8. Nd5
Be6 9. c4 Qa5+ 10. Qd2 Qxd2+ 11. Nxd2 Bxd5 12. cxd5 Nd4 13. Rc1 Nxe2 14. Kxe2
O-O 0-1

[Event "AUTO-OPEN-1899"]
[Site "http://www.queenalice.com/game.php?id=740886"]
[Date "2010.3.4"]
[Round "1"]
[White "mauricio_sm"]
[Black "BobySponja"]
[Result "1-0"]
[WhiteElo "2014"]
[BlackElo "1654"]

1. e4 d5 2. exd5 e6 3. dxe6 Bxe6 4. Nf3 Nc6 5. Bb5 a6 6. Bxc6+ bxc6 7. d3 Nf6 8.
Nc3 Bd6 9. Be3 Qe7 10. Nd4 c5 11. Nxe6 Qxe6 12. Qf3 O-O 13. O-O Qe5 14. g3 Qe7
15. Rfe1 1-0

[Event "AUTO-OPEN-1899"]
[Site "http://www.queenalice.com/game.php?id=740888"]
[Date "2010.3.4"]
[Round "1"]
[White "ReiNato"]
[Black "BobySponja"]
[Result "1-0"]
[WhiteElo "1500"]
[BlackElo "1714"]

1. e4 e5 2. Nf3 Nc6 3. Bc4 Nf6 4. d4 exd4 5. Nxd4 Be7 6. Nc3 Nxd4 7. Qxd4 d6 8.
O-O c5 9. Bb5+ Bd7 10. Bxd7+ Qxd7 11. Qd3 O-O 12. Nd5 Nxd5 13. Qxd5 1-0

[Event "AUTO-ADV-1677"]
[Site "http://www.queenalice.com/game.php?id=741328"]
[Date "2010.3.5"]
[Round "1"]
[White "BobySponja"]
[Black "sandromm"]
[Result "0-1"]
[WhiteElo "1669"]
[BlackElo "1752"]

1. e4 e5 2. Bc4 Nf6 3. Nf3 Nc6 4. d4 exd4 5. Nxd4 Nxd4 6. Qxd4 Be7 7. Nc3 O-O 8.
Nd5 Nxd5 9. exd5 Bf6 10. Qd3 d6 11. O-O a6 12. a4 Rb8 13. Rb1 Bd7 14. Bb3 Qc8
15. f4 Bf5 16. Qg3 Bd4+ 17. Be3 Bf6 18. Rbd1 Bxb2 19. Bd4 Bxd4+ 0-1

[Event "AUTO-ADV-1677"]
[Site "http://www.queenalice.com/game.php?id=741329"]
[Date "2010.3.5"]
[Round "1"]
[White "sandromm"]
[Black "BobySponja"]
[Result "1-0"]
[WhiteElo "1738"]
[BlackElo "1683"]

1. e4 e5 2. Nf3 Nf6 3. d3 Nc6 4. Be2 d6 5. O-O Be7 6. c3 Bg4 7. Nh4 Bxe2 8. Qxe2
Qd7 9. Nf5 O-O-O 10. Nxe7+ Qxe7 11. Bg5 h6 12. Bxf6 gxf6 13. Nd2 Rdg8 14. Nf3
Rg7 15. Nh4 Rhg8 16. g3 Qd7 17. Nf5 Rh7 18. b4 h5 19. h4 1-0

[Event "AUTO-OPEN-1900"]
[Site "http://www.queenalice.com/game.php?id=741477"]
[Date "2010.3.5"]
[Round "1"]
[White "BobySponja"]
[Black "Maffu"]
[Result "0-1"]
[WhiteElo "1697"]
[BlackElo "1878"]

1. e4 d5 2. exd5 Qxd5 3. Nf3 Nf6 4. Nc3 Qd6 5. d4 a6 6. Be3 e6 7. g3 Be7 8. Ne5
O-O 9. Bg2 Nbd7 10. Bf4 Qb4 11. Rb1 Nxe5 12. Bxe5 Nd5 13. O-O Nxc3 14. bxc3 Qxc3
0-1

[Event "AUTO-OPEN-1900"]
[Site "http://www.queenalice.com/game.php?id=741478"]
[Date "2010.3.5"]
[Round "1"]
[White "Maffu"]
[Black "BobySponja"]
[Result "1-0"]
[WhiteElo "1868"]
[BlackElo "1707"]

1. e4 e6 2. b3 d5 3. Bb2 dxe4 4. Nc3 f5 5. Qe2 Nf6 6. O-O-O Nc6 7. h3 Bb4 8. g4
Nd4 9. Qc4 Bxc3 10. Qxc3 Nc6 11. Be2 f4 12. f3 Qe7 13. h4 Bd7 14. d3 O-O-O 15.
dxe4 1-0